[Event "RUS-ch 56th"]
[Site "Krasnoyarsk"]
[Date "2003.09.10"]
[Round "7"]
[White "Vorobiov, Evgeny E"]
[Black "Vekshenkov, Nikolai"]
[Result "0-1"]
[WhiteElo "2547"]
[BlackElo "2451"]
[Annotator "Lukacs,P"]
[PlyCount "74"]
[EventDate "2003.09.03"]
[EventType "swiss"]
[EventRounds "9"]
[EventCountry "RUS"]
[SourceTitle "CBM 098"]
[Source "ChessBase"]
[SourceDate "2004.02.03"]
[SourceVersion "1"]
[SourceVersionDate "2004.02.03"]
[SourceQuality "1"]

1. e4 e5 2. Nf3 Nc6 3. Bc4 Bc5 4. c3 Nf6 5. d3 a6 6. Nbd2 Ba7 7. Bb3 d6 8. h3
O-O 9. O-O Nd7 {/\ Nc5, Kh8, f5, or Ne6. This move is not that popular,
although it is playable.} 10. Bc2 {Leaving the a2-g8 /^ deliberately doesn't
look very logical, but Nc5 will come anyway.} (10. Re1 Nc5 (10... Kh8 {/\ f5}
11. Bc2 (11. Nf1 Nc5 12. Bc2 f5 {This is the main idea of Black.} 13. exf5 (13.
Bg5 Qe8 14. exf5 Bxf5 15. d4 Bxc2 16. Qxc2 Rxf3 $1 {This typical exchange
sacrifice destroys White's >>.} 17. gxf3 Qh5 18. Be3 exd4 19. cxd4 Ne6 $44) (
13. b4 {helps only for Black after} fxe4 14. dxe4 Ne6 $15) 13... Bxf5 14. Ng3
$13 {Sariego-Leyva, Cuba-ch 1996}) 11... f5 (11... Nc5 $2 {is now met by} 12.
d4 $16 (12. b4 $2 Ne6)) (11... Qf6 $5 {is not consistant.} 12. Nf1 $14) 12.
exf5 Rxf5 (12... Nf6 13. g4 $1 $16 {with similarities to the King's Gambit
Accepted!}) 13. d4 Rf8 14. Ne4 $14) 11. Bc2 Ne6 {This manoeuvre may secure the
control over the dark squares.} (11... f5 $6 {This idea is a bit overconfident.
} 12. d4 $1 {This is the logical counterblow in the [+].} (12. b4 {works again
for Black.} Ne6 (12... fxe4 13. bxc5 exf3 14. Nxf3 Bxc5 15. d4 exd4 16. cxd4
$14) 13. exf5 Nf4 (13... Rxf5 $2 14. d4 $16)) (12. exf5 {allows Black to
finish his development.} Bxf5 13. d4 Nd3 14. Bxd3 Bxd3) 12... Nxe4 13. Nxe4
fxe4 14. Bxe4 (14. Bb3+ $143 d5 15. Rxe4 exd4) 14... Bf5 (14... exd4 15. Ng5 $1
{and suddenly Black's >> is weak.} h6 16. Qb3+ Kh8 17. Nf7+ Rxf7 18. Qxf7 $16)
(14... d5 15. Qb3 $1) 15. Bxc6 (15. Qb3+ Kh8 16. Bxf5 Rxf5 17. Qxb7 $16) 15...
bxc6 16. dxe5 dxe5 17. Qxd8 Raxd8 18. Nxe5 Bxh3 19. Be3 Bxe3 20. Rxe3 $16) 12.
Nf1 Bd7 (12... Kh8 $13) (12... Qf6 13. Ne3 Bxe3 14. Bxe3 Ne7 15. Bb3 Ng6 16.
Bxe6 fxe6 17. d4 exd4 18. cxd4 Qf7 19. Rc1 c6 20. e5 $16 {Boewer-Winants,
Hessen-ch 1999}) 13. Ne3 Kh8 14. Nf5 (14. h4 $6 Qf6 15. b4 $5 {/\ Bb3 Adams} (
15. Nd5 Qg6 16. Ng5 Nxg5 17. hxg5 Rac8 18. d4 $5 exd4 19. cxd4 Bxd4 20. a4 $1
f5 21. gxf6 Bg4 22. Qd2 gxf6 23. Ra3 Qf7 24. b4 Ba7 25. Rg3 Be6 $13 {
Bosboom-Adams, Ostende 1991})) 14... Qf6 15. Bb3 Rab8 $13) 10... Re8 {/\ Nf8
following the dark-square strategy.} (10... h6 {doesn't look extremely urgent
now.} 11. Re1 $5 {/\ Nf1} (11. Nc4 Nb6 12. Ne3 d5 $1 13. exd5 Nxd5 14. Nc4 Re8
15. Re1 f6 16. d4 exd4 17. Rxe8+ Qxe8 18. Qd3 f5 19. Bd2 Qe4 20. Qxe4 fxe4 21.
Bxe4 {1/2:1/2 R.Perez-L.Valdes, Cuba 1995})) (10... f5 {wants to exploit the
absence of the B on the a2-g8 /^.} 11. exf5 Rxf5 12. d4 Rf8 13. Ne4 exd4 14.
Neg5 Nf6 15. Qd3 g6 16. Nxd4 Nxd4 17. cxd4 $13 {Nunn-Pribyl, GER-chT 1995}) (
10... Ne7 {The two knight-moves do not harmonize together.} 11. d4 (11. Re1 $5
Ng6 12. Nf1) 11... Ng6 12. Re1 Re8 13. Nf1 Ndf8 14. Ng3 Ne6 15. Bb3 Bd7 $13 {
Beshukov-Meister, Krasnodar 2001}) (10... Nc5 11. Re1 {- 10.Re1} (11. b4 Ne6
12. Re1 {- 10.Re1})) 11. Re1 Nf8 12. Nf1 Ne6 (12... Ng6 {allows} 13. d4 (13.
Ng3 Bd7 {1/2:1/2 Komliakov-Belikov, RUS-ch 1997}) 13... exd4 14. cxd4 d5 15. e5
{The P structure gives White good attacking chances on the >>.} (15. exd5 Rxe1
16. Qxe1 Nxd4 $11) 15... Nh4 16. N1h2 (16. Ng5 g6 $13) (16. Nxh4 Qxh4 17. Be3
Nxd4 18. g3 Qxh3 19. Bxd4 Bg4 $17) 16... Nf5 17. Bg5 $1 {This is rather
unpleasant for Black.} (17. Be3 Nxe3 18. Rxe3 Nb4 19. Bb1 c5 20. a3 cxd4 21.
Re1 Nc6 22. Qd3 g6) 17... Qd7 (17... f6 18. exf6 Rxe1+ 19. Qxe1 gxf6 20. Ng4 $1
$16) 18. Be3 {and the Q is rather stupid on d7.} Nxe3 19. Rxe3 Nb4 20. Bb1 c5
21. a3 cxd4 22. Re1 Nc6 23. Qd3 $40) 13. Ne3 {Black has some pressure on >< d4
and f4, but White controls >< d5 and f5.} Nf4 (13... Qf6 $6 {brings the Q
rather early into action.} 14. Nd5 Qg6 15. Nh4 $1 (15. Rf1 Qh5) 15... Qg3 16.
Nf5 $1 Qxf2+ (16... Bxf2+ $2 17. Kf1 $18) (16... Qg6 17. Qf3 $16) 17. Kh1 {
and the Q is in danger.} Nf4 18. Bxf4 Bxf5 19. Rf1 Qh4 20. Bh2 $16) 14. d4 $1 {
White now grabs the |^ in the [+].} (14. Nf5 $5) 14... Bd7 (14... exd4 15. cxd4
d5 {is now met by} 16. Nxd5 $1 (16. e5 Ne7 $11) 16... Nxd5 17. exd5 Rxe1+ (
17... Ne7 18. Ng5 $16) (17... Nb4 18. Bb3 $16) 18. Qxe1 Ne7 19. Bg5 $1 {
and Black has problems gaining back the P on d5.} f6 20. Bb3 Kf8 (20... Kh8 21.
Ne5 $16) (20... fxg5 21. d6+ Kf8 22. dxe7+ Qxe7 23. Qc3 $18) 21. Bd2 $16) 15.
Nd5 (15. Nf5 {is the other route for the N.}) 15... Ng6 (15... Ne6 16. Be3 $14
{and there is no more pressure against >< d4.}) 16. Be3 Nce7 {Black has to
eliminate the strong centralized N.} 17. Bg5 {provoking a serious weakness.} f6
{[#]} (17... h6 18. Bxe7 Nxe7 19. dxe5 dxe5 20. Nxe5 Nxd5 21. exd5 $16) 18.
Nxf6+ $5 {This is a very tempting piece sacrifice, but things are far from
clear.} (18. Bxf6 {is the other version of the piece sacrifice.} gxf6 19. Nxf6+
Kg7 $1 (19... Kh8 20. Ng5 $5 Rf8 21. Qh5 $1 Kg7 22. Nxd7 Qxd7 23. Qxh7+ Kf6 24.
Qh6 $16) 20. Nxe8+ Qxe8 21. Qd2 h6 22. Bb3 Nc6 $13) ({The quiet positional
approach looked OK, for example:} 18. Bb3 $142 Nxd5 19. Bxd5+ Kf8 20. Be3 $14)
18... gxf6 19. Bxf6 Kf7 20. dxe5 dxe5 21. Bxe5 (21. Nxe5+ Kxf6 $1 {The
"Steinitz" K fights bravely.} (21... Nxe5 22. Bxe5 Ng6 23. Qf3+ Kg8 24. Bf6 Qc8
25. e5 $16) 22. Nxd7+ Kg7 23. e5 Ng8 24. Bxg6 (24. e6 Nf6) 24... hxg6 25. e6
Nf6 $13) 21... Nc6 (21... Kf8 22. Qd2 Ng8 {is the other defence, White has
however 3 pawns and the |^ for the piece.}) 22. Bb3+ Kf8 (22... Be6 23. Bxe6+
Rxe6 24. Qxd8 Nxd8 (24... Rxd8 25. Bxc7 $16) 25. Bxc7 Ke7 26. Bg3 $16) 23. Qd2
$2 {This is a tactical oversight.} (23. Bg3 $44 {was still very complicated:}
Bb6 (23... Kg7 24. Re2 {/\ Rd2} Bb6 25. Rd2 Re7 26. Nh4 $40) (23... Na5 24. Bc2
Kg7 25. Qd5 $44) 24. Qd5 (24. Qd2 Kg7 25. Rad1 Be6 $11) 24... Be6 25. Qh5 Bxb3
26. axb3 Kg8 27. Rad1 Qe7 $13) 23... Rxe5 $1 $19 {and suddenly Black wins!} 24.
Qh6+ (24. Rad1 Ke8 25. Nxe5 Ncxe5 $19) 24... Ke8 25. Kh1 (25. Nxe5 Ncxe5 26.
Qxh7 Qf6 $19 {and White's -> cannot be continued.}) 25... Qf6 26. Nxe5 Ncxe5
27. f4 (27. Rf1 Nd3) 27... Qxf4 28. Qxh7 Bb5 29. Qg8+ Qf8 30. Qe6+ Qe7 31. Qg8+
Nf8 32. c4 Bd7 33. Rf1 Bc5 34. Bd1 Be6 $1 35. Rxf8+ $1 Kd7 $1 {is the
cold-blooded answer!} 36. Bg4 (36. Rxa8 Bxg8 37. Rxg8 Qf7 $19) 36... Nxg4 37.
Rd1+ Kc6 0-1

[Event "Hoogeveen Essent Crown"]
[Site "Hoogeveen"]
[Date "2005.10.25"]
[Round "3"]
[White "Harikrishna, Pentala"]
[Black "Sokolov, Ivan"]
[Result "1-0"]
[WhiteElo "2673"]
[BlackElo "2696"]
[Annotator "Lukacs,P"]
[PlyCount "79"]
[EventDate "2005.10.21"]
[EventType "tourn"]
[EventRounds "6"]
[EventCountry "NED"]
[EventCategory "16"]
[SourceTitle "CBM 110"]
[Source "ChessBase"]
[SourceDate "2006.01.31"]
[SourceVersion "1"]
[SourceVersionDate "2006.01.31"]
[SourceQuality "1"]

1. e4 e5 2. Nf3 Nc6 3. Bc4 Bc5 4. c3 Nf6 5. d3 a6 6. Bb3 O-O 7. O-O d6 8. h3
Ba7 9. Be3 {Instead of the time-consuming N manoeuvre Nbd2, Re1, Ne1-g3 or Ne3
White immediately wants to exchange the active black B.} Bxe3 (9... Ne7 {/\ Ng6
} 10. Nh4 Ng6 11. Nxg6 (11. Nf5 d5 $1 $132) 11... hxg6 12. Bxa7 Rxa7 13. f4 {
Now White got everything he wanted.} Ra8 14. Qf3 $16 (14. Nd2 Qe7 15. Qf3 Be6
16. Bc2 Rad8 17. Qe3 {White has clearly lost the thread.} Bc8 (17... Nh5 18.
fxe5 dxe5 19. Nf3 $14) 18. Rf2 Nh5 19. fxe5 (19. f5 $6 gxf5 20. exf5 Nf6 (20...
Qh4 21. d4 Rfe8) 21. Re1 Rfe8 22. Qg3 Qf8 23. Ne4 Qe7 24. Ng5 d5 25. Qh4 Qd6
$142 (25... Qc5 26. Kh1 b6 27. Rf3 a5 28. Ref1 (28. Rg3) 28... Qd6 29. Rg3 Re7
$1 (29... Bb7 30. Ne6 $1 $18 {Fedorchuk-Akhayan, Charleroi 2004}) 30. Nh7 $1
Nxh7 31. f6 Nxf6 32. Rxf6 Re6 $13)) 19... dxe5 20. Nf3 $14)) (9... h6 10. Nbd2
Be6 {Black wants to neutralize his opponent's strong B, too.} 11. Re1 Bxe3 12.
Rxe3 d5 13. exd5 Nxd5 14. Re1 Nf4 15. Nxe5 Bxb3 16. Nxb3 Qg5 17. Qg4 Nxe5 18.
Qxg5 Nf3+ 19. gxf3 Nxh3+ {1/2-1/2 Felgaer-Xie Jun, Buenos Aires 2001}) 10. fxe3
Ne7 $6 (10... Be6 {looked more natural, the mass exchanges give the game a
drawish character.} 11. Bxe6 fxe6 12. Qb3 Qd7 13. Ng5 Rae8 14. Nd2 (14. Qxb7 $2
h6 15. Nf3 Rb8 16. Qxa6 Ra8 17. Qc4 (17. Qb5 Rfb8) 17... Na5 18. Qb4 Rfb8 $19)
14... Na5 $11) 11. Nh4 (11. Nbd2 {allows} Ng6 12. Rf2 c6 13. Qe2 d5 $13) 11...
Ng6 12. Nf5 (12. Nxg6 hxg6 13. Nd2 Qe7 14. Qe1 $14 {looked a bit better, White
has the f <-> and prospects in the [+].}) 12... c6 {The N is well-placed on f5,
but Black has a counterattack in the [+] by d5.} 13. Nd2 d5 14. Qf3 Be6 (14...
Bxf5 15. exf5 Ne7 16. Qg3 Qb8 $13 {and Black's P [+] remains impressive.}) 15.
d4 a5 {This is not so urgent.} (15... Bxf5 16. Qxf5 (16. exf5 e4) 16... Re8 $13
{holds the [+].}) 16. exd5 cxd5 17. dxe5 Nxe5 18. Qg3 {White has created a
stronghold on d5, While Black cannot get to e4, his B is passive.} Ng6 (18...
Bxf5 $142 19. Rxf5 Ng6 {to get rid of the bad B was worthy of attention.}) 19.
Nd4 $1 {The N is extremely strong on the blockade square >< d4.} Qb6 20. Rab1 (
20. a4 Rfe8 $13) 20... Bd7 21. Bc2 Rae8 (21... Rfe8) 22. b4 {White advances on
the <<, but this certainy weakens his own P structure as well.} Re7 (22... axb4
23. Rxb4 Qc5 24. Rxb7 Qxc3 {and the R is on e8 instead of e7.}) 23. bxa5 Qxa5
24. Rxb7 Qxc3 25. Nb1 Rxe3 (25... Qc8) 26. Nxc3 Rxg3 27. Nce2 $2 (27. Nxd5 $1
Nxd5 28. Rxd7 Ngf4 29. Kh1 g5 30. Bb3 $14 {and at least White has a remore o^
and a strong B.}) 27... Bc8 28. Ra7 (28. Nxg3 Bxb7 $17) 28... Re3 {Now Black
is a healthy P up.} 29. a4 Ne5 30. Rb1 Ra3 $2 {This is a big mistake!} (30...
Nc4 $17) 31. Bb3 $1 {and the R is trapped!} Be6 $2 (31... Bd7 32. Nc2 Rxb3 33.
Rxb3 Nc6 $14 {was the lesser evil.}) 32. Nc3 $18 {Now White wins the exchange,
Black has no counterplay.} Rc8 (32... Bd7 33. Ncb5) 33. Ncb5 Rxb3 34. Nxb3 h5
35. N3d4 Rc4 36. a5 Ra4 37. a6 Kh7 38. Ra8 Nc4 39. a7 Ra2 40. Re1 1-0

[Event "EU-ch 4th"]
[Site "Istanbul"]
[Date "2003.05.30"]
[Round "1"]
[White "Macieja, Bartlomiej"]
[Black "Fontaine, Robert"]
[Result "0-1"]
[WhiteElo "2634"]
[BlackElo "2527"]
[Annotator "Lukacs,P"]
[PlyCount "70"]
[EventDate "2003.05.30"]
[EventType "swiss"]
[EventRounds "13"]
[EventCountry "TUR"]
[SourceTitle "CBM 096"]
[Source "ChessBase"]
[SourceDate "2003.09.25"]
[SourceVersion "1"]
[SourceVersionDate "2003.09.25"]
[SourceQuality "1"]

1. e4 e5 2. Nf3 Nc6 3. Bc4 Bc5 4. c3 Nf6 5. b4 Bb6 6. d3 d6 7. O-O O-O 8. Nbd2
{White wants to spare the insertion of moves a4-a6, in order to play Bb3 and
Nc4 exchanging the important dark-squared B.} (8. a4 a6 {- Bacrot-Z.Almasi,
Szeged m 2000 CBM 78}) 8... Ne7 {/\ Ng6 and c6, Bc7} 9. Bb3 {/\ Nc4} (9. a4 c6)
9... c6 $5 (9... Ng6 {allows White to get the ^^, but even so the position
remains very close to equality.} 10. Nc4 Be6 (10... h6 {/\ Be6} 11. a4 c6 12.
Nxb6 {otherwise the B will escape.} Qxb6 13. a5 Qc7 14. h3 {(Mainka-Sonntag,
GER-chT 1992 )} Be6 $11) 11. Re1 (11. a4 c6 12. Nxb6 Bxb3 13. Qxb3 axb6 $11)
11... h6 12. Nxb6 (12. a4 c6) 12... Bxb3 13. Qxb3 axb6 14. b5 Re8 15. Bd2 Qd7
16. a4 d5 {and Black has good counterplay in the [+], 1/2:1/2
Nunn-Azmaiparashvili, OHRA Amsterdam 1990.}) 10. Nc4 (10. a4 Ng6 11. a5 Bc7 {
helps only for Black to consolidate his position.} 12. Re1 d5 {Black comes
first in the [+]!} 13. Nf1 h6 14. Ng3 Be6 15. Be3 Qd7 16. c4 d4 {Now Black
gets a big space advantage.} 17. Bd2 b6 18. h3 Kh7 19. axb6 axb6 20. Qe2 Rfe8
21. Qf1 Nf4 {After some preparatory moves black grabs the |^ on the >>.} 22.
Bxf4 exf4 23. Ne2 c5 $15 {Short-Salov, Linares 1990}) (10. h3 Ng6 11. Re1 Bc7
12. d4 d5 {Black's counterattack in the [+] comes right in time.} 13. exd5 exd4
14. Nxd4 Nxd5 15. Ne4 Ndf4 $11 {Xu Jun-Xie Jun, Jakarta 1994}) 10... Bc7 11.
Bg5 (11. Re1 Ng6 12. d4 (12. Bg5 {is illogical due to} h6 $11) (12. a4 Re8 13.
Ne3 d5 {and Black has a strong P formation in the [+].} 14. Qc2 h6 $11 {
Morrison-Muhammad, New York 2001}) 12... h6 {/\ Be6 finishing the development.}
13. h3 Be6 14. Qc2 Nh5 {>< f4} 15. Ne3 Nhf4 16. dxe5 dxe5 17. Bxe6 fxe6 $1 {
The doubled pawns keep control over the vital central squares and the
semi-opened f <-> helps for Black's |^ on the >>.} 18. Nh2 Nh4 19. Kh1 Bb6 $40
{Luther-Gavrilakis, Naleczow masters 1987}) 11... Ng6 12. Nh4 (12. d4 $6 {
is certainly answered by} h6 13. Bxf6 (13. dxe5 Nxe5) 13... Qxf6 {and Black
has some pressure on the dark squares, >< f4.} 14. Ne3 a5 (14... Nf4 $5) 15. d5
{White wants to take control over the light squares, especially on d5.} Nf4 16.
Kh1 axb4 17. cxb4 Rd8 18. Rc1 Bb8 19. dxc6 bxc6 20. Rxc6 Bb7 21. Rb6 Bxe4 $17 {
with good attacking chances for Black, Gomez Jurado-Marin, Andorra op 1991.})
12... Nf4 13. Bxf4 {White wants to corrupt Black's P formation and build up a
strong [+] by d4, but Black comes first.} (13. Qf3 $6 {allows Black to grab
the |^.} h6 14. Bxf6 Qxf6 15. g3 Qg5 {/\ Bg4} 16. Kh1 Bg4 17. Qe3 Ne2 {
suddenly White's position collapses...} 18. Nf5 d5 19. Nxe5 Bxf5 20. f4 Nxg3+
21. hxg3 Qh5+ 22. Kg1 Bxe4 $1 $19 {Teske-Lukacs, Autoteam Budapest 1991}) (13.
Ne3 $142 {looks more to the point.} h6 (13... d5 $5 14. Qf3 $5 (14. Nhf5 dxe4
$15) (14. exd5 cxd5 $13) 14... Nxd3 15. exd5 (15. Bxf6 Qxf6 16. Qxf6 gxf6 17.
exd5 e4 {/\ Be5} 18. Nhf5 Be5 $13) 15... e4 16. Bxf6 Qxf6 17. Qxe4 (17. Qxf6
gxf6 {- 15.Bf6}) 17... Nf4 18. Nhf5 Ne2+ 19. Kh1 Nxc3 $13) 14. Bxf6 Qxf6 15.
Nhf5 d5 (15... Bxf5 {immediately} 16. Nxf5 {and then} d5 {was also playable
but the text is more flexible.} 17. Qf3 Rad8 18. Rad1 Kh7 {/\ g6} 19. g3 Nh3+
20. Kg2 Ng5 21. Qh5 dxe4 22. dxe4 Nxe4 $5 (22... Rxd1 23. Rxd1 Rd8 24. Rxd8
Bxd8 25. h4 Ne6 26. Qd1 $14 {and all the white pieces are better than their
colleagues, Kudrin-Sion Castro, Salamanca 1989.}) 23. Rxd8 (23. Bc2 Qg6 $1)
23... Bxd8 24. Bc2 Qg6 $1 $13) 16. g3 Bxf5 ({The humble} 16... Ng6 {is not so
bad either:} 17. Ng4 Qd8 18. Qf3 Be6 19. h4 a5 $5 (19... h5 20. Nge3 (20. Nh2
Nh8 21. exd5 cxd5 22. Ne3 d4 23. cxd4 exd4 24. Nc2 Bxb3 25. axb3 Bb6 26. Qxh5
Rc8 27. Ne1 Qd6 28. Nef3 {(Kudrin-Pavlovic, Bor 1984)} Rc3 $1 29. Rfd1 (29. Ng5
$6 Qg6 $15) 29... Rxb3 $13) 20... d4 $13) 20. h5 axb4 21. cxb4 Ne7 22. Ngxh6+
$1 Kh8 $1 23. Nxe7 (23. Qg4 Nxf5 24. Nxf5 Qf6 $44) 23... Qxe7 24. Nf5 Qf6 25.
b5 Bb6 $44 {^^}) 17. Nxf5 (17. exf5 $6 {is out of question:} Nh3+ 18. Kg2 Ng5
19. h4 Nh7 $15) 17... dxe4 18. dxe4 Rad8 19. Qc2 Ng6 {/\ Ne7 with a drawish ^-
_|_.} (19... Nh3+ 20. Kg2 Ng5 21. h4 Ne6 22. Rad1) 20. Rfd1 Ne7 21. Nxe7+ Qxe7
22. Kg2 {1/2:1/2 Sadvakasov-De laPaz, Santa Clara 1999}) 13... exf4 14. Nf3 d5
$1 15. exd5 (15. Ncd2 dxe4 16. Nxe4 (16. dxe4 Qd3 $1) 16... Bg4 $132) 15...
cxd5 $5 (15... Nxd5 16. Qd2 Qf6 17. d4 Re8 18. Rfe1 $14) 16. Ncd2 Bg4 {Black
has now an active position and a strong ^^ for the somewhat weaker P structure.
} 17. Qc2 (17. Re1 Qd6) 17... a5 {Black creates more tension.} (17... Re8 18.
Rfe1 Qd6 $13) 18. a3 (18. b5 Re8 19. Rfe1 Qd6 $13) 18... Qd7 19. Rae1 Rfe8 20.
Rxe8+ (20. Nd4 a4 21. Rxe8+ Qxe8 22. Ba2 Bb6 23. N2f3 Bxd4 24. Nxd4 Qe5 25. h3
Bh5 $13) 20... Rxe8 21. Nd4 b5 $1 {Black gains space on the <<.} 22. N2f3 a4
23. Ba2 Bb6 {When the knights defend each other against the ^^, then there is
something wrong with the position...} 24. Qd2 {[#]} Bxd4 $1 {[%mdl 128] Black
destroys White's >> creating a dangerous ->.} 25. Nxd4 f3 $1 26. g3 (26. Nxf3
Bxf3 27. gxf3 Qf5 28. Qd1 Nh5 $40 {/\ Nf4 with nasty threats.}) (26. gxf3 Bxf3
$1 $15) 26... Bh5 $1 {/\ Qh3} 27. Qf4 Qh3 $1 28. Nxf3 h6 {and White is almost
paralyzed.} 29. Bb1 Bg4 $1 30. Re1 $2 {this loses outright.} (30. Nd2 {was
more persistant.} Be2 31. Re1 Ng4 32. Nf3 Re6 $17) 30... Rxe1+ 31. Nxe1 Be2 $19
32. Ng2 Ng4 33. Qb8+ Kh7 34. d4+ g6 35. Bxg6+ Kg7 $1 {and the mate is
inevitable.} 0-1